Nueva Enciclopedia Autodidactica / Gustavo de Elorza Martinez, editor (Registro nro. 47486)
[ vista simple ]
| 000 -LÍDER | |
|---|---|
| Campo fijo de descripción fija | 008950000a22002050004500 |
| 001 - NÚMERO DE CONTROL | |
| Campo de control | 233 |
| 003 - IDENTIFICADOR DEL NÚMERO DE CONTROL | |
| Campo de control | CO-MdFUSB |
| 005 - FECHA Y HORA DE LA ULTIMA TRANSACCIÓN | |
| control field | 20180216163838.0 |
| 008 - ELEMENTOS DE LONGITUD FIJA -- INFORMACIÓN GENERAL | |
| Campo fijo de descripción fija -- Información general | 170915b xxu||||| |||| 00| 0 eng d |
| 020 ## - NÚMERO INTERNACIONAL NORMALIZADO PARA LIBROS | |
| Número Internacional Normalizado del libro | 958-677-287--X |
| 040 ## - FUENTE DE CATALOGACIÓN | |
| Agencia que realiza la transcripción | CO-MdBIC |
| 082 04 - NÚMERO DE CLASIFICACIÓN DECIMAL DEWEY | |
| Número de clasificación | 036 Z148 |
| 100 1# - ASIENTO PRINCIPAL--NOMBRE PERSONAL | |
| Nombre personal | Elorza M, Gustavo de |
| 245 10 - TÍTULO | |
| Título del Material | Nueva Enciclopedia Autodidactica / Gustavo de Elorza Martinez, editor |
| 260 ## - PUBLICACIÓN, DISTRIBUCIÓN, ETC. (PIE DE IMPRENTA) | |
| Lugar de publicación, distribución, etc. | Bogotá : Zamora Editores Ltda |
| 300 ## - DESCRIPCIÓN FÍSICA | |
| Extensión | I-XVI, 561-800 P. |
| 500 ## - NOTA GENERAL | |
| Nota General | Incluye instrumento de autoevaluación, en la forma de cuestionario |
| 505 00 - NOTA DE CONTENIDO | |
| Nota de contenido con formato preestablecido | Volumen 1 : Ciencias de la vida Volumen 2 : Informatica y ciencias de la produccion Volumen 3 : Matematicas, física y química Volumen 4 : Ciencias de la tierra Volumen 5 : Historia de la humanidad Volumen 6 : Historia de las artes Volumen 7 : Literatura Universal y Castellana Volumen 8 : Ciencias de la sociedad |
| 942 ## - TIPO DE MATERIAL (KOHA) | |
| Tipo de Item KOHA | Z- Libro General BINCO |
| Estado de Material | Estado de Perdido | Forma de Clasificación | Volumen-Parte/Tomo | Estado de Dañado | No para Préstamo | Colección | Tomo | Biblioteca de Origen | Biblioteca Permanente | Fecha de Adquisición | Total de Préstamos | Signatura Topográfica | Código de Barras | Última vez visto | Ejemplar/Existencia | Fecha de Remplazo | Tipo de Material |
|---|---|---|---|---|---|---|---|---|---|---|---|---|---|---|---|---|---|
| Dewey Decimal Classification | 1 | Colección de Referencia | Biblioteca Infantil Comunitaria BINCO | Biblioteca Infantil Comunitaria BINCO | 11/05/2006 | 036 Z148cv | B30096 | 24/11/2016 | 1 | 26/01/2016 | Z- Libros de Referencia BINCO | ||||||
| Dewey Decimal Classification | 6 | Colección de Referencia | Biblioteca Infantil Comunitaria BINCO | Biblioteca Infantil Comunitaria BINCO | 11/05/2006 | 036 Z148ha | B30103 | 24/11/2016 | 1 | 26/01/2016 | Z- Libros de Referencia BINCO | ||||||
| Dewey Decimal Classification | 5 | Colección de Referencia | Biblioteca Infantil Comunitaria BINCO | Biblioteca Infantil Comunitaria BINCO | 11/05/2006 | 036 Z148hh | B30102 | 24/11/2016 | 1 | 26/01/2016 | Z- Libros de Referencia BINCO | ||||||
| Dewey Decimal Classification | 8 | Colección de Referencia | Biblioteca Infantil Comunitaria BINCO | Biblioteca Infantil Comunitaria BINCO | 11/05/2006 | 036 Z148cs | B30101 | 24/11/2016 | 1 | 26/01/2016 | Z- Libros de Referencia BINCO | ||||||
| Dewey Decimal Classification | 7 | Colección de Referencia | Biblioteca Infantil Comunitaria BINCO | Biblioteca Infantil Comunitaria BINCO | 11/05/2006 | 036 Z148l | B30100 | 24/11/2016 | 1 | 26/01/2016 | Z- Libros de Referencia BINCO | ||||||
| Dewey Decimal Classification | 4 | Colección de Referencia | Biblioteca Infantil Comunitaria BINCO | Biblioteca Infantil Comunitaria BINCO | 11/05/2006 | 036 Z148ct | B30099 | 24/11/2016 | 1 | 26/01/2016 | Z- Libros de Referencia BINCO | ||||||
| Dewey Decimal Classification | 3 | Colección de Referencia | Biblioteca Infantil Comunitaria BINCO | Biblioteca Infantil Comunitaria BINCO | 18/02/2006 | 036 Z148mf | B30098 | 24/11/2016 | 1 | 26/01/2016 | Z- Libros de Referencia BINCO | ||||||
| Dewey Decimal Classification | 2 | Colección de Referencia | Biblioteca Infantil Comunitaria BINCO | Biblioteca Infantil Comunitaria BINCO | 11/05/2006 | 036 Z148ic | B30097 | 24/11/2016 | 1 | 26/01/2016 | Z- Libros de Referencia BINCO |
